000 02060cam a2200133 4500500
005 20260405085504.0
041 _afre
042 _adc
100 1 0 _aMenant, François
_eauthor
245 0 0 _aLes villes italiennes : XIIe-XIVe siècle
260 _bArmand Colin,
_c2004.
520 _aEntre 1150 et 1350, l’Italie connaît un essor urbain unique en Europe : plusieurs dizaines de villes, dont la population n’a pas d’équivalent ailleurs, élaborent un système politique nouveau qui échappe aux cadres monarchiques et féodaux, établissent leur domination économique de la mer du Nord à la mer Noire, et mûrissent une culture qui prépare directement la Renaissance.Ce guide fournira aux étudiants l’essentiel des références bibliographiques permettant de traiter le sujet, avec une approche thématique.François MENANT, professeur à l’École Normale Supérieure de Paris, est agrégé d’histoire et ancien membre de l’École française de Rome. Il a notamment publié Campagnes lombardes du Moyen Âge, Rome, 1993, et, en collaboration, Les Capétiens. Histoire et dictionnaire, collection Bouquins, 1999. Il a également collaboré à la Storia economica e sociale di Bergamo, vol. 2, Bergame, 1999, et à la Storia di Cremona, vol. 2 (à paraître).L’Italie et ses villes, du milieu du XIIe au milieu du XIVe siècle : problématique et première approche bibliographique. Identité, population, paysages urbains. Villes et royaumes : histoire et institutions. La société urbaine. La mémoire collective et l’art de gouverner. Du notariat à la littérature : une société de culture. La ville, lieu de production et d’échange. Ville par ville. Venise. Gênes. Milan. D’autres villes du Nord. Florence. D’autres villes toscanes et ombriennes. Quelques monographies sur d’autres villes du Centre-Nord. Rome et les villes du Latium. Naples. Palerme. Messine. D’autres villes du Sud. Cartes.
856 4 1 _uhttps://shs.cairn.info/les-villes-italiennes--9782200267667?lang=fr&redirect-ssocas=7080
999 _c2197981
_d2197981